| 000 | 00447nam a22001577a 4500 | ||
|---|---|---|---|
| 003 | PILC | ||
| 005 | 20151006091109.0 | ||
| 008 | 151006b xxu||||| |||| 00| 0 eng d | ||
| 020 | _a9789351155065 | ||
| 050 |
_aTX 928 _b.H842 2015 |
||
| 245 | _aHousekeeping in hospitality operations / | ||
| 260 |
_b3G elearning, _c2015. |
||
| 300 |
_av, 248 pages : _billustrations ; _c24 cm. + _e1 DVD. |
||
| 650 | _aHotel housekeeping. | ||
| 942 |
_2lcc _cBK _kFOR |
||
| 999 |
_c288816 _d288816 |
||